000 00444nam a2200181Ia 4500
001 4907
005 20260306145829.0
008 260306t2000||||xx |||||||||||||| ||spa||
041 _aESP
082 _a331.125
_bE333
100 _aEgger, Philippe [Ed.]
_eAUT
245 0 _aApertura económica y empleo:
_blos países andinos en los noventa
260 _c2000
300 _a
_c
650 _aGEN
654 _aCAN
942 _cLIB
_dJUS
_fJUS
_2ddc
_n
999 _c4907
_d4907